Pink Floyd lyrics - hard - Statistics

General Stats
  • This quiz has been taken 355 times
  • The average score is 4 of 13
Answer Stats
Hint Answer % Correct
Mary you're nearly a treat Pigs
75%
Please don't put your wires in my brain If
50%
Summer evening birds are calling Fat old sun
39%
There's a silence surrounding me Keep talking
36%
Born in a home with no silver spoon San tropez
36%
Galtieri took the union jack Get your filthy hands off my desert
32%
Se para collo pou eine toe bar Not now john
28%
All the iron turn to rust Childhoods end
19%
No warmth not even pride remained A great day for freedom
15%
I will find a day Let there be more light
14%
Discovery is to be disowned The dogs of war
12%
One day I will catch her eye The Nile song
11%
He didn't care The scarecrow
6%
No matching quizzes found
Score Distribution
Percent of People with Each Score
Percentile by Number Answered
Your Score History
You have not taken this quiz